000 00195 a2200085 4500
020 _a978-8412162509
100 _a unknown author
245 _aArchives 1 - Flores & Prats
260 _bEl Croquis
_c2020
999 _c13426
_d13426